La muséologie : Histoire, développements, enjeux actuels (notice n° 2198647)
[ vue normale ]
| 000 -LEADER | |
|---|---|
| fixed length control field | 01803cam a2200145 4500500 |
| 005 - DATE AND TIME OF LATEST TRANSACTION | |
| control field | 20260405085556.0 |
| 041 ## - LANGUAGE CODE | |
| Language code of text/sound track or separate title | fre |
| 042 ## - AUTHENTICATION CODE | |
| Authentication code | dc |
| 100 10 - MAIN ENTRY--PERSONAL NAME | |
| Personal name | Gob, André |
| Relator term | author |
| 245 00 - TITLE STATEMENT | |
| Title | La muséologie : Histoire, développements, enjeux actuels |
| 260 ## - PUBLICATION, DISTRIBUTION, ETC. | |
| Name of publisher, distributor, etc. | Armand Colin,<br/> |
| Date of publication, distribution, etc. | 2021.<br/> |
| 520 ## - SUMMARY, ETC. | |
| Summary, etc. | La muséologie, à la croisée de la communication, la sociologie, l’histoire et la pédagogie, s’est imposée en tant que discipline académique et formation professionnelle à part entière. Cet ouvrage en dresse un panorama complet, illustré d’exemples, et présente les développements de la gestion, des techniques muséographiques les plus récentes ainsi que les fonctions que le musée est appelé à exercer au sein de la société. Il souligne la dimension politique de l’institution. Pour cette cinquième édition, les auteurs ont souhaité couvrir un large éventail de points de vue, en invitant des experts à s’exprimer à travers des « cartes blanches », regards singuliers sur cette « science des musées », évolutive et plurielle. En ces temps incertains où la culture est considérée comme facultative et les musées forcés à la fermeture pour des raisons sanitaires, il est plus que jamais essentiel que les acteurs de l’univers muséal développent une vision claire et engagée de leur action et de leurs institutions. Cet ouvrage est là pour y contribuer. Avec la participation d’Yves Bergeron, Manuelina Maria Duarte Candido, Guido Gryseels, Marie-Paule Jungblut, Joëlle Le Marec, François Mairesse, Raymond Montpetit, Dominique Poulot, Rudy Ricciotto, Xavier Roland et Martine Thomas-Bourgneuf. |
| 700 10 - ADDED ENTRY--PERSONAL NAME | |
| Personal name | Drouguet, Noémie |
| Relator term | author |
| 856 41 - ELECTRONIC LOCATION AND ACCESS | |
| Uniform Resource Identifier | <a href="https://shs.cairn.info/la-museologie--9782200630997?lang=fr&redirect-ssocas=7080">https://shs.cairn.info/la-museologie--9782200630997?lang=fr&redirect-ssocas=7080</a> |
Pas d'exemplaire disponible.




Réseaux sociaux